ბათუმის შოთა რუსთაველის სახელმწიფო უნივერსიტეტის ბიბლიოთეკა

Le Point, 2 Aout. # 2396. 2018 (ბიბ.ჩანაწერი № 55819)

000 -LEADER
fixed length control field 00445nam a2200181Ia 4500
001 - CONTROL NUMBER
control field 22916
003 - CONTROL NUMBER IDENTIFIER
control field GE_BSU
008 - FIXED-LENGTH DATA ELEMENTS--GENERAL INFORMATION
fixed length control field 181216s||||||||xx |||||||||||||| ||und||
040 ## - CATALOGING SOURCE
Transcribing agency GE_BSU
245 ## - TITLE STATEMENT
Title Le Point, 2 Aout. # 2396. 2018
245 ## - TITLE STATEMENT
Remainder of title Number 9105 Volume 428
260 ## - PUBLICATION, DISTRIBUTION, ETC.
Place of publication, distribution, etc. Paris
260 ## - PUBLICATION, DISTRIBUTION, ETC.
Date of publication, distribution, etc. 2018
300 ## - PHYSICAL DESCRIPTION
Extent 106p. 30cm. ill.
653 ## - INDEX TERM--UNCONTROLLED
Uncontrolled term Le Point, 2 Aout. # 2396. 2018
653 ## - INDEX TERM--UNCONTROLLED
Uncontrolled term პერიოდიკა
942 ## - ADDED ENTRY ELEMENTS (KOHA)
Koha item type პერიოდიკა

არაა ხელმისაწვდომი ეგზემპლარები.